| 000 | 01988nam a2200373 i 4500 | ||
|---|---|---|---|
| 001 | 000026688 | ||
| 003 | DO-SdBNP | ||
| 005 | 20250116163337.0 | ||
| 006 | a||||gr|||| 00| 0 | ||
| 007 | ta | ||
| 008 | 110324e2000 dr adb r o000 0 spa d | ||
| 040 |
_aDO-SdBNP _bspa _cBNPHU _erda |
||
| 082 | 4 |
_bR426e _222 |
|
| 110 | 1 |
_aRepública Dominicana. _bSecretaría de Estado de Educación y Cultura _eautor _918697 |
|
| 245 | 1 | 0 |
_aEducación para todos, evaluación al año 2000 : _binforme de la República Dominicana / _cPreparado por: Josefina Pimentel, Rafael Deláncer, Minerva Vincent, Rafael A. González,Ezequiel Valdez de la Cruz; presentación, Ligia Amada Melo. |
| 264 | 1 |
_aSanto Domingo : _bSecretaría de Estado de Educación y Cultura, _c2000. |
|
| 300 |
_a153 páginas : _bIlustraciones, gráficas, mapa ; _c27 cm. |
||
| 336 |
_2rdacontent _atexto _btxt |
||
| 337 |
_2rdamedia _asin mediación _bn |
||
| 338 |
_2rdacarrier _avolumen _bnc |
||
| 490 | 1 |
_aGestión educativa ; _v1 |
|
| 500 | _aIncluye referencias documentales, páginas 151 - 153. | ||
| 505 |
_aPresentación.-- Introducción. _tPARTE I. Panorámica en cifra: el entorno Global del Sistema educativo Dominicano; de sus alcances, su eficiencia y su base fundamental de financiamiento hasta el año escolar 1998/1999.-- _tPARTE II. Logros y avances en los objetos generales de educación para todos.-- _tPARTE III. Previsiones complementarias.-- _tPARTE IV. Fortalezas, debilidades y conclusiones.-- _tAnexos.-- _tPreferencias documentales. |
||
| 590 | _aInventariado 2023 / MF | ||
| 650 | 4 |
_aAdministración pública _vInforme _zRepública Dominicana _977190 |
|
| 650 | 4 |
_aEducación _vInforme _zRepública Dominicana _984743 |
|
| 700 | 1 | 2 |
_aAmada Melo, Ligia, _937245 _epresentación |
| 700 | 2 |
_aPimentel, Josefina _95745 |
|
| 700 | 2 |
_aDeláncer, Rafael _984744 |
|
| 700 | 2 |
_aVincent, Minerva _937433 |
|
| 700 | 2 |
_aGonzález, Rafael A. _942866 |
|
| 700 | 2 |
_aValdez de la Cruz, Ezequiel _984745 |
|
| 942 |
_2ddc _cLBS1 |
||
| 999 |
_c26180 _d26180 |
||